00350nam a2200133Ia 4500003000400000005001700004008004100021040001800062041000800080100003900088110001500127245005400142260002000196OSt20230602102809.0211028s2012 xx 000 0 und d cAIMIT LIBRARY aeng aRai, Navya U; Santhosh, B.e101920 aSanthosh B aOffice automation: examination management system. aMangalorec2012